000 00280nam a2200121Ia 4500
005 20251222155206.0
008 251222s9999||||xx |||||||||||||| ||spa||
082 _aSIQ.08
100 _aCHRISTOPHE D.
245 0 _aTrabajo y Desgastes Mental
264 _bHV manitas
942 _cLIB
999 _c40120
_d40120